000
00328nam a2200133Ia 4500
008
240624s9999 xx 000 0 und d
041
_a
eng
082
_a
658.408 BAK
100
_a
BAKER H KENT
245
_a
CORPORATE GOVERNANCE A SYNTHESIS OF THEO
260
_c
2010
_a
New Jersey
_b
Wiley
300
_a
676 : p.
365
_c
_b
30
999
_c
19336
_d
19336